000 00978nam a22002297a 4500
005 20250505122003.0
008 250505b |||||||| |||| 00| 0 eng d
020 _a978-93-5518-573-0 (hbk)
037 _cREF
040 _aCRL
_cCRL
041 _2hin
_ahin
084 _aQ224k 152R3
_qCRL
245 _aसबके राम
260 _aनयी दिल्ली, भारत:
_bवाणी प्रकाशन,
_c2023.
300 _a240पृ0
365 _b2000.00
_cINR
490 _aग्लोबल इनसाइक्लोपीडिया ऑफ द रामायण
650 _2हिन्दू धर्म
700 _aहाड़ा, माधव
_eसंपादक
_9753854
942 _2CC
_cREF
_hQ224k 152R3
_n0
999 _c1310002
_d1310002